A world of luck (Record no. 42401)

MARC details
000 -LEADER
fixed length control field 00755nam a2200265 i 4500
001 - CONTROL NUMBER
control field C2-0134574
003 - CONTROL NUMBER IDENTIFIER
control field PPAK
005 - DATE AND TIME OF LATEST TRANSACTION
control field 20180727123751.0
008 - FIXED-LENGTH DATA ELEMENTS--GENERAL INFORMATION
fixed length control field 971203s1991 vaua|||| ||||| | eng d
020 ## - INTERNATIONAL STANDARD BOOK NUMBER
International Standard Book Number 0809477122
040 ## - CATALOGING SOURCE
Original cataloging agency PPAK
Language of cataloging eng
Transcribing agency PPAK
Description conventions rda
082 04 - DEWEY DECIMAL CLASSIFICATION NUMBER
Classification number 133.3
Edition number 23
090 00 - LOCALLY ASSIGNED LC-TYPE CALL NUMBER (OCLC); LOCAL CALL NUMBER (RLIN)
Classification number (OCLC) (R) ; Classification number, CALL (RLIN) (NR) 133.3
Feature heading AWO
Feature heading R
245 02 - TITLE STATEMENT
Title A world of luck
250 ## - EDITION STATEMENT
Edition statement Time-Life Books
264 #1 - PRODUCTION, PUBLICATION, DISTRIBUTION, MANUFACTURE, AND COPYRIGHT NOTICE
Place of production, publication, distribution, manufacture Alexandria, Virginia :
Name of producer, publisher, distributor, manufacturer Time-Life Books ,
Date of production, publication, distribution, manufacture, or copyright notice 1991
300 ## - PHYSICAL DESCRIPTION
Extent 143 pages :
Other physical details colour illustrations ;
Dimensions 28 cm
336 ## - CONTENT TYPE
Source rdacontent
Content type term text
337 ## - MEDIA TYPE
Source rdamedia
Media type term unmediated
338 ## - CARRIER TYPE
Source rdacarrier
Carrier type term volume
490 1# - SERIES STATEMENT
Series statement Library of curios and unusual facts
650 10 - SUBJECT ADDED ENTRY--TOPICAL TERM
Topical term or geographic name entry element Fortune - Anecdotes
830 #0 - SERIES ADDED ENTRY--UNIFORM TITLE
Uniform title Library of curios and unusual facts
942 ## - ADDED ENTRY ELEMENTS (KOHA)
-- dc
Koha item type Book
Holdings
Withdrawn Not for loan Current library Shelving location Date acquired Full call number Barcode Date last seen Koha item type
  Not For Loan Perpustakaan Awam Sungai Petani Rujukan Dewasa 03/12/1997 R 133.3 AWO A00091812 08/05/2018 Book
  Not For Loan Perpustakaan Jitra Rujukan Dewasa 03/12/1997 R 133.3 AWO A00091813 08/05/2018 Book
  Not For Loan Perpustakaan Kulim Rujukan Dewasa 03/12/1997 R 133.3 AWO A00091815 08/05/2018 Book